1666 1602 1269 1072 1609 1559 1305 1046 1780 1509 1498 1336 1029 1508 1661 1485 1565 1540 1641 1773 1249 1655 1355 1955 1408 1164 1719 1160 1853 1182 1083 1839 1753 1482 1991 1643 1587 1795 2000 1077 1212 1313 1743 1680 1141 1108 1529 1874 1326 1676 1610 1557 1616 1139 1100 1022 1459 1243 1809 1797 1786 1175 1852 1596 1404 1494 1590 1212 1402 1822 1569 1815 1180 1229 1983 1939 1932 1081 1163 1961 1950 1583 1506 1747 1147 1410 1413 1744 1283 1582 2000 1033 1635 1714 1793 1367 1129 1282 1746 BCNSPRNW ULIB Ver.6.0+V

เปลี่ยนเป็นภาษาไทย

Change to English
 แสดงรายละเอียดบรรณานุกรม
  กลับหน้าหลัก

Brief Record : Get Marc (ISO 2709) : E-mail record : QR code < ปิดหน้าต่าง
LEADER : 00000nam 2200000uu 4500
001    13399124148
003     ULIB
008    150121s2556||||th 000 0 tha d
020    ^a9786163480866
060  4 ^aQT104^bว711ส
100    ^aวิโรจน์ ไววานนิชกิจ
245    ^aสรีรวิทยาทางคลินิกพื้นฐาน : หลักการวินิจฉัยในเวชปฏิบัติ สำหรับพยาบาล แพทย์ และบุคลากรณ์ทางการแพทย์/^cวิโรจน์ ไววานนิชกิจ
250    ^aพิมพ์ครั้งที่ 1
260    ^aกรุงเทพฯ :^bโรงพิมพ์แห่งจุฬาลงกรณ์มหาวิทยาลัย,^c2556
300    ^a96 หน้า;^b21 ซม.
650    ^aสรีรวิทยา
650    ^aการวินิจฉัยหน้าที่การทำงานของตับ
650    ^aการวินิจฉัยหน้าที่การทำงานของไต
650    ^aการวินิจฉัยหน้าที่การทำงานของตับอ่อน
650    ^aการวินิจฉัยหน้าที่การทำงานของหัวใจ
650    ^aการวินิจฉัยหน้าที่การทำงานของปอด
650    ^aการวินิจฉัยหน้าที่การทำงานของต่อมไทรอยด์
650    ^aการวินิจฉัยหน้าที่การทำงานของต่อมใต้สมอง
650    ^aการวินิจฉัยหน้าที่การทำงานของหู
945    ^p315^l0^i038636
945    ^p315^l0^i038637
945    ^p315^l0^i038638
945    ^p315^l0^i038639
945    ^p315^l0^i038640
945    ^p315^l0^i038641
945    ^p315^l0^i038642
945    ^p315^l0^i038643
945    ^p315^l0^i038644
945    ^p315^l0^i038645
999    ^aเกษร โพธิ์สุวรรณ
รายการนี้ยังไม่มีแท็ก
คุณยังไม่ได้ล็อกอิน คุณสามารถมีกิจกรรมร่วมกับเว็บไซต์ได้ แต่ต้องล็อกอินก่อน ::
  ล็อกอิน

รายการสื่อสารสนเทศ

ลำดับที่ ประเภท เลขเรียก/บาร์โค้ด สถานที่ สถานะ
1. วิทยาศาสตร์การแพทย์ และสุขภาพ
หนังสือสำรอง
สถานะ=หนังสือสำรอง
QT104 ว711ส ฉ.1 
  Barcode: 038636
ห้องสมุดวิทยาเขตสวรรค์ประชารักษ์
►ส่วนจัดเก็บหนังสือเก่า สปร
บนชั้น
  ขอยืม
2. วิทยาศาสตร์การแพทย์ และสุขภาพ
วิทยาศาสตร์การแพทย์ และสุขภาพ
QT104 ว711ส ฉ.10 
  Barcode: 038645
ห้องสมุดวิทยาเขตสวรรค์ประชารักษ์
►ส่วนจัดเก็บหนังสือเก่า สปร
บนชั้น
  ขอยืม
3. วิทยาศาสตร์การแพทย์ และสุขภาพ
วิทยาศาสตร์การแพทย์ และสุขภาพ
QT104 ว711ส ฉ.2 
  Barcode: 038637
ห้องสมุดวิทยาเขตสวรรค์ประชารักษ์
►ส่วนจัดเก็บหนังสือเก่า สปร
บนชั้น
  ขอยืม
4. วิทยาศาสตร์การแพทย์ และสุขภาพ
วิทยาศาสตร์การแพทย์ และสุขภาพ
QT104 ว711ส ฉ.3 
  Barcode: 038638
ห้องสมุดวิทยาเขตสวรรค์ประชารักษ์
►ส่วนจัดเก็บหนังสือเก่า สปร
บนชั้น
  ขอยืม
5. วิทยาศาสตร์การแพทย์ และสุขภาพ
วิทยาศาสตร์การแพทย์ และสุขภาพ
QT104 ว711ส ฉ.4 
  Barcode: 038639
ห้องสมุดวิทยาเขตสวรรค์ประชารักษ์
►หนังสือทั่วไป
บนชั้น
6. วิทยาศาสตร์การแพทย์ และสุขภาพ
วิทยาศาสตร์การแพทย์ และสุขภาพ
QT104 ว711ส ฉ.5 
  Barcode: 038640
ห้องสมุดวิทยาเขตสวรรค์ประชารักษ์
►ส่วนจัดเก็บหนังสือเก่า สปร
บนชั้น
  ขอยืม
7. วิทยาศาสตร์การแพทย์ และสุขภาพ
วิทยาศาสตร์การแพทย์ และสุขภาพ
QT104 ว711ส ฉ.6 
  Barcode: 038641
ห้องสมุดวิทยาเขตสวรรค์ประชารักษ์
►ส่วนจัดเก็บหนังสือเก่า สปร
บนชั้น
  ขอยืม
8. วิทยาศาสตร์การแพทย์ และสุขภาพ
วิทยาศาสตร์การแพทย์ และสุขภาพ
QT104 ว711ส ฉ.7 
  Barcode: 038642
ห้องสมุดวิทยาเขตสวรรค์ประชารักษ์
►ส่วนจัดเก็บหนังสือเก่า สปร
บนชั้น
  ขอยืม
9. วิทยาศาสตร์การแพทย์ และสุขภาพ
วิทยาศาสตร์การแพทย์ และสุขภาพ
QT104 ว711ส ฉ.8 
  Barcode: 038643
ห้องสมุดวิทยาเขตสวรรค์ประชารักษ์
►ส่วนจัดเก็บหนังสือเก่า สปร
บนชั้น
  ขอยืม
10. วิทยาศาสตร์การแพทย์ และสุขภาพ
วิทยาศาสตร์การแพทย์ และสุขภาพ
QT104 ว711ส ฉ.9 
  Barcode: 038644
ห้องสมุดวิทยาเขตสวรรค์ประชารักษ์
►ส่วนจัดเก็บหนังสือเก่า สปร
บนชั้น
  ขอยืม

รายการใกล้เคียง
    ผู้แต่ง [วิโรจน์ ไววานนิชกิจ]

    หัวเรื่อง [สรีรวิทยา]
    หัวเรื่อง [การวินิจฉัยหน้าที่การทำงานของตับ]
    หัวเรื่อง [การวินิจฉัยหน้าที่การทำงานของไต]
    หัวเรื่อง [การวินิจฉัยหน้าที่การทำงานของตับอ่อน]
    หัวเรื่อง [การวินิจฉัยหน้าที่การทำงานของหัวใจ]
    หัวเรื่อง [การวินิจฉัยหน้าที่การทำงานของปอด]
    หัวเรื่อง [การวินิจฉัยหน้าที่การทำงานของต่อมไทรอยด์]
    หัวเรื่อง [การวินิจฉัยหน้าที่การทำงานของต่อมใต้สมอง]
    หัวเรื่อง [การวินิจฉัยหน้าที่การทำงานของหู]

BibComment


ยังไม่เคยถูกคอมเมนท์

คอมเมนท์ทรัพยากรรายการนี้
  คอมเมนท์: สรีรวิทยาทางคลิน..


 Copyright 2026. Bcnsprnw @Library